书目信息 |
| 题名: |
工程起重机 (第二版)
|
|
| 作者: | 顾迪民 主编 | |
| 分册: | ||
| 出版信息: | 北京 中国建筑工业出版社 1988.12 |
|
| 页数: | 335页 | |
| 开本: | 16开 | |
| 丛书名: | ||
| 单 册: | ||
| 中图分类: | TH2 | |
| 科图分类: | ||
| 主题词: | 起重机械 , 运输机械 | |
| 电子资源: | ||
| ISBN: | 7-112-00505-1 | |
| 000 | 00585nam0 2200205 45 | |
| 001 | 0012101723 | |
| 005 | 20001210173318.1 | |
| 010 | @a7-112-00505-1@d17.60元 | |
| 100 | @a20001210d1988 km y0chiy0120 ea | |
| 101 | 0 | @achi |
| 105 | @a z 000yy | |
| 200 | 1 | @a工程起重机 (第二版)@AGong Cheng Qi Zhong Ji (Di Er Ban)@f顾迪民主编@FGu Di Min Zhu Bian |
| 210 | @a北京@c中国建筑工业出版社@d1988.12 | |
| 215 | @a335页@d16开 | |
| 606 | 0 | @a起重机械 |
| 606 | 0 | @a运输机械 |
| 690 | @aTH2@v3 | |
| 701 | 0 | @a顾迪民@4主编 |
| 801 | @aCN@bPftUser@c20001210 | |
| 905 | @b304428-429@dTH2@eG524=2@f2 | |
| 工程起重机 (第二版)/顾迪民主编.-北京:中国建筑工业出版社,1988.12 |
| 335页;16开 |
| ISBN 7-112-00505-1:17.60元 |
| ● |
| 相关链接 |
|
|
|
正题名:工程起重机(第二版)
索取号:TH2/G524=2
 
预约/预借
| 序号 | 登录号 | 条形码 | 馆藏地/架位号 | 状态 | 备注 |
| 1 | 304428 | 203044286 | 期刊室512/501自科库 135排1列2层/ [索取号:TH2/G524=2] | 在馆 | |
| 2 | 304429 | 203044295 | 自科库501/501自科库 135排1列2层/ [索取号:TH2/G524=2] | 在馆 |